| 000 | 00669cam a22002413a 4500 | ||
|---|---|---|---|
| 001 | 30989 | ||
| 003 | PGUSA | ||
| 005 | 20140828083654.0 | ||
| 008 | 100116s2010||||xxu|||||s|||||000 1 eng d | ||
| 040 |
_aPGUSA _beng |
||
| 042 | _adc | ||
| 050 | 4 | _aPS | |
| 100 | 1 |
_aChapman, Arthur, _d1873-1935 |
|
| 245 | 1 | 0 |
_aMystery Ranch _h[electronic resource] / _cArthur Chapman |
| 260 |
_bProject Gutenberg, _c2010 |
||
| 506 | _aPublic domain in the USA. | ||
| 516 | _aElectronic text | ||
| 653 | _aWest (U.S.) -- Fiction | ||
| 653 | _aDetective and mystery stories | ||
| 830 | 0 |
_aProject Gutenberg _v30989 |
|
| 856 | 4 | 0 | _uhttp://www.gutenberg.org/ebooks/30989 |
| 942 | _cEB | ||
| 999 |
_c260244 _d260244 |
||